000 00704nam a2200217 a 4500
001 12621
003 CO-ViMGA
008 141112s2004 ck r 000 u spa d
020 _a9589362257
040 _aCO-ViMGA
_bspa
_cCO-ViMGA
082 0 4 _a371.3 H83
110 _aFundación Antonio Restrepo Barco
_918236
245 1 0 _aHuellas de Educación en Tecnología :
_bExperiencias de maestros
260 _aBogotá :
_bMinisterio de Educación Nacional,
_c1996
300 _a194p.
650 1 4 _aAHORRO - ENSAYOS - CONFERENCIAS
_918237
650 1 4 _aeducación TECNOLOGICA - ENSAYOS - CONFERENCIAS
_918238
650 1 4 _aENSAYOS - CONFERENCIAS
650 1 4 _aSANEAMIENTO AMBIENTAL
_93846
942 _2ddc
_cBK
999 _c23612
_d23612